书目信息 |
| 题名: |
商业会计
|
|
| 作者: | 尹春梅 主编 | |
| 分册: | ||
| 出版信息: | 上海 上海财经大学出版社 2003 |
|
| 页数: | 495页 | |
| 开本: | 21cm | |
| 丛书名: | ||
| 单 册: | ||
| 中图分类: | F715.51 | |
| 科图分类: | ||
| 主题词: | 商业会计--高等学校 | |
| 电子资源: | ||
| ISBN: | 7-81049-976-9 | |
| 000 | 00744nam0 2200229 45 | |
| 001 | 002556150 | |
| 005 | 20050401110001.4 | |
| 010 | @a7-81049-976-9@dCNY27.00 | |
| 100 | @a20040112d2003 em y0chiy0110 ea | |
| 101 | 0 | @achi |
| 102 | @aCN@b310000 | |
| 105 | @ay z 000yy | |
| 200 | 1 | @a商业会计@Ashang ye kuai ji@f尹春梅主编@FYin Chun Mei Zhu Bian |
| 210 | @a上海@c上海财经大学出版社@d2003 | |
| 215 | @a495页@d21cm | |
| 300 | @a高等院校会计专业方向选修课教材 | |
| 330 | @a本书内容包括:货币资金、商品流转核算概述、零售商品流转的核算、非商品存货的核算、无形资产及其他资产、会计报表等。 | |
| 606 | 0 | @a商业会计@x高等学校 |
| 690 | @aF715.51@v4 | |
| 701 | 0 | @a尹春梅@4主编 |
| 801 | 0 | @aCN@bNLC@c20040623 |
| 905 | @f5@b347200-204@dF715.51@e91 | |
| 商业会计/尹春梅主编.-上海:上海财经大学出版社,2003 |
| 495页;21cm |
| 高等院校会计专业方向选修课教材 |
| ISBN 7-81049-976-9:CNY27.00 |
| 本书内容包括:货币资金、商品流转核算概述、零售商品流转的核算、非商品存货的核算、无形资产及其他资产、会计报表等。 |
| ● |
| 相关链接 |
|
|
|
|
正题名:商业会计
索取号:F715.51/91
 
预约/预借
| 序号 | 登录号 | 条形码 | 馆藏地/架位号 | 状态 | 备注 |
| 1 | 0347200 | 203472009 | 第一样本阅览室/ [索取号:F715.51/91] | 在馆 | |
| 2 | 0347201 | 203472018 | 第一借阅区/ [索取号:F715.51/91] | 在馆 | |
| 3 | 0347202 | 203472027 | 第一借阅区/ [索取号:F715.51/91] | 在馆 | |
| 4 | 0347203 | 203472036 | 第一借阅区/ [索取号:F715.51/91] | 在馆 | |
| 5 | 0347204 | 203472045 | 第一借阅区/ [索取号:F715.51/91] | 在馆 |